| 000 | 00533nam a22002057a 4500 | ||
|---|---|---|---|
| 003 | OSt | ||
| 005 | 20150710194312.0 | ||
| 008 | 150710b xxu||||| |||| 00| 0 eng d | ||
| 020 | _a9780596007553 | ||
| 040 | _cDDC | ||
| 082 |
_222nd ed. _a005.13 CAT 2005 |
||
| 100 |
_aCatsoulis, John _95520 |
||
| 245 | _aDesigning embedded hardware | ||
| 250 | _a2nd ed. | ||
| 260 |
_aBeijing; _bO'relly, _c2005 |
||
| 300 |
_axvi,377p; _bill: _c23.5cm |
||
| 504 | _aIndex included | ||
| 650 |
_aProgramming language _95473 |
||
| 942 |
_2ddc _cO_SHELF |
||
| 999 |
_c2142 _d2142 |
||